Silhouetten Op. 53 : sieben Stücke für das Klavier zu 2 Händen /

Hlavní autor: Reger, Max, 1873-1916
Jazyk: Nelze použít, není lingvistický obsah
Vydáno: Leipzig : Jos. Aibl Verlag, G.m.b.H., [1917]
Edice: Universal-Edition
Fyzický popis: 1 partitura (27 s.)
Hudebniny Hudebniny
Uloženo v:
LEADER 00938ncm a22002532a 4500
001 001483614
003 CZ BrMZK
005 20150811141845.0
007 qu
008 120510s1917 gw |||||||||||||||||zxx d
040 |a BOA001  |b cze 
072 7 |a 786  |x Hudba pro klávesové nástroje  |2 Konspekt  |9 9 
100 1 |a Reger, Max,  |d 1873-1916  |7 jn20000604597  |4 cmp 
245 1 0 |a Silhouetten  |h [hudebnina] :  |b Op. 53 : sieben Stücke für das Klavier zu 2 Händen /  |c von Max Reger 
260 |a Leipzig :  |b Jos. Aibl Verlag, G.m.b.H.,  |c [1917] 
300 |a 1 partitura (27 s.) 
490 1 |a Universal-Edition ;  |v Nr. 1250 
500 |a Převzato do Universal-Edition 
510 4 |a [Winiker, C.: Haupt-Katalog der Musikalien-Leih-Anstalt,  |c 56653] 
830 0 |a Universal-Edition 
910 |a BOA001  |b Mus4-0204.966-17 
990 |a MU 
991 |b 201508 
996 6 |b 2619582839  |c Mus4-0204.966-17  |l MZK  |r Sklad / do 1 hodiny  |n 0  |w 001518746  |u 000010  |a 1  |e BOA001  |j MZK50  |s P